|
|
|
|
| LEADER |
00862pam a22001938a 4500 |
| 001 |
00015640 |
| 005 |
20171026081022.0 |
| 008 |
110329s1986 ||||||Viesd |
| 041 |
0 |
# |
|a Vie
|
| 082 |
1 |
4 |
|a 331.8
|b PH431TR
|
| 110 |
1 |
# |
|a Trường Đảng cao cấp Nguyễn Ái Quốc
|e Khoa phong trào cộng sản và công nhân quốc tế
|
| 245 |
0 |
0 |
|a Phong trào cộng sản, công nhân quốc tế
|n Tập 2
|p Chương trình cao cấp
|
| 260 |
# |
# |
|a H.
|b Sách giáo khoa Mác _ Lênin
|c 1986
|
| 300 |
# |
# |
|a 302 tr.
|c 19 cm.
|
| 653 |
# |
# |
|a Chính trị quốc tế
|a Xã hội chủ nghĩa
|a Phong trào công nhân
|a Phong trào cộng sản
|
| 852 |
# |
# |
|b Kho đọc
|j KD.0000957
|
| 852 |
# |
# |
|j KD.0000957
|
| 910 |
|
|
|d 29/03/2011
|
| 980 |
# |
# |
|a Trung tâm Học liệu Lê Vũ Hùng, Trường Đại học Đồng Tháp
|